000 05544cam a2201933 4500
003 PE-LiUPU
005 20250813165927.0
020 _a9788499589367
035 _a(Sirsi) i9788499589367
035 _a(Sirsi) 50954
035 _a(Sirsi) 50954
041 _aes
044 _aes
082 0 4 _a616.8521
_bA8
245 0 0 _aAtención psicosocial en emergencia :
_bevaluación e intervención en situaciones críticas /
_cTeresa Pacheco Tabuenca, coordinadora.
264 1 _aMadrid :
_bSíntesis,
_c2012
300 _a309 páginas :
_bilustraciones ;
_c23 cm.
336 _atext
_btxt
_2rda
337 _aunmediated
_bn
490 0 _aManuales prácticos de psicología
_v32
504 _aIncluye bibliografía
505 0 _aPsicología de emergencias: origen, objetivos y fundamentos teóricos -- Orígenes y actualidad de la Psicología de emergencias -- Atención psicosocial en emergencias -- Intervención psicosocial inmediata en situaciones específicas -- Evalua
526 _aP203
526 _aP200
526 _aSEG65
526 _aSEG64
526 _aSEG63
526 _aSEG62
526 _aSEG61
526 _aSEG60
526 _aSEG59
526 _aSEG58
526 _aSEG57
526 _aSEG56
526 _aSEG55
526 _aSEG54
526 _aSEG53
526 _aSEG52
526 _aSEG51
526 _aSEG50
526 _aSEG49
526 _aSEG48
526 _aSEG47
526 _aSEG46
526 _aSEG24
526 _aSEG23
526 _aSEG22
526 _aSEG21
526 _aSEG20
526 _aSEG19
526 _aSEG18
526 _aSEG17
526 _aSEG16
526 _aSEG14
526 _aSEG13
526 _aSEG12
526 _aSEG11
526 _aSEG10
526 _aSEG09
526 _aSEG06
526 _aSEG05
526 _aSEG04
526 _aSEG03
526 _aSEG02
526 _aSEG68
526 _aSEG66
526 _aSEG45
526 _aSEG25
526 _aSEG01
526 _aP163
526 _aP162
526 _aP161
526 _aP160
526 _aP159
526 _aP158
526 _aP157
526 _aP156
526 _aP155
526 _aP154
526 _aP153
526 _aP152
526 _aP151
526 _aP150
526 _aP149
526 _aP142
526 _aP141
526 _aP140
526 _aP139
526 _aP138
526 _aP137
526 _aP132
526 _aP131
526 _aP130
526 _aP126
526 _aP125
526 _aP124
526 _aP123
526 _aP115
526 _aP122
526 _aP121
526 _aP116
526 _a P114
526 _aP112
526 _aP111
526 _aP104
526 _aP103
526 _aP102
526 _aP101
526 _aP100
526 _aP96
526 _aP95
526 _aP93
526 _aP92
526 _aP91
526 _aP88
526 _aP83
526 _aP82
526 _aP79
526 _aP78
526 _aP75
526 _aP74
526 _aP71
526 _aP69
526 _a P51
526 _aP49
526 _aP48
526 _aP47
526 _aP33
526 _aP31
526 _a P30
526 _aP29
526 _aP27
526 _aP26
526 _aP25
526 _aP24
526 _a P22
526 _aP10
526 _aP09
526 _a P08
526 _aP06
526 _aP05
526 _aP04
526 _aP01
650 1 7 _aVíctimas de catástrofes
_xOrientación psicológica
_2embne
_95659
700 1 _aPacheco Tabuenca, Teresa
_ecoord.
700 1 _aGarrosa Herenández, Eva
_ecoord.
859 _q67793
_h616.8521
_iA8
859 _q67794
_h616.8521
_iA8
910 _agl
_b
_cng
_d20130701
942 _2ddc
_cBOOK
949 _a616.8521 A8
_i67793
_lCCODEBUL1
_mBUL
_tLIBRO
_o.STAFF. Colección General
949 _a616.8521 A8
_i67794
_lCCODEBUL1
_mBUL
_tLIBRO
_o.STAFF. Colección General
949 _a364.787 P13 2012
_wDEWEY
_c1
_iFJ04255
_lCCODEBUJ1
_mBUJ
_p27.00
_r0
_sY
_tBOOK
_u2014-07-01
_xSALUD
_PP33
_o.STAFF -- Colección General Juliaca
596 _a1 3
999 _a616.8521 A8
_wDEWEY
_c55324
_i67793
_d55324
_e2015-11-6
_f2021-11-4
_g5
_lCCODEBUL1
_mBUL
_n1
_p38.00
_r0
_sY
_tBOOK
_u2015-7-6
_xSALUD
_PP33
_o.STAFF. Colección General
999 _a616.8521 A8
_wDEWEY
_c2
_i67794
_d2015-10-28
_e2015-10-27
_f2021-11-4
_g5
_lCCODEBUL1
_mBUL
_n1
_p38.00
_r0
_sY
_tBOOK
_u2015-7-6
_xSALUD
_PP33
_o.STAFF. Colección General
999 _a616.8521 A8
_wDEWEY
_c3
_i69588
_f2021-11-4
_g5
_lCCODEBUL1
_mBUL
_p46.00
_r0
_sY
_tBOOK
_u2015-7-6
_xSALUD
_PP33
_o.STAFF. Colección General
999 _a616.8521 A8
_wDEWEY
_c4
_i69589
_f2021-11-4
_g5
_lCCODEBUL1
_mBUL
_p46.00
_r0
_sY
_tBOOK
_u2015-7-6
_xSALUD
_PP33
_o.STAFF. Colección General
999 _a616.8521 A8
_wDEWEY
_c5
_i69590
_d2015-10-18
_e2015-10-16
_f2021-11-4
_g5
_lCCODEBUL1
_mBUL
_n2
_p46.00
_r0
_sY
_tBOOK
_u2015-7-6
_xSALUD
_PP33
_o.STAFF. Colección General
999 _a616.8521 A8
_wDEWEY
_c6
_i72036
_d2016-8-11
_e2016-8-11
_f2021-11-4
_g5
_lCCODEBUL1
_mBUL
_n1
_p66.50
_r0
_sY
_tBOOK
_u2015-11-18
_xSALUD
_PP33
_0COMPRA
_o.STAFF. Colección General
999 _a364.787 P13 2012
_wDEWEY
_c1
_iFJ04255
_f2022-1-18
_g4
_lCCODEBUJ1
_mBUJ
_p27.00
_r0
_sY
_tBOOK
_u2015-10-7
_xSALUD
_PP33
_0COMPRA
_o.STAFF. Colección General Juliaca
980 _81
_gALBERTO SANCHEZ Responsable de Automatización